Normal view
MARC view
- John Keegan
Entry Personal Name
001 - CONTROL NUMBER
- control field: 106235
003 - CONTROL NUMBER IDENTIFIER
- control field: NUST
005 - DATE AND TIME OF LATEST TRANSACTION
- control field: 20221228135925.0
008 - FIXED-LENGTH DATA ELEMENTS
- fixed length control field: 221228|| aca||aabn | a|a d
040 ## - CATALOGING SOURCE
- Original cataloging agency: NUST
- Transcribing agency: NUST
100 ## - HEADING--PERSONAL NAME
- Personal name: John Keegan
670 ## - SOURCE DATA FOUND
- Source citation: Work cat.: (NUST)186368: Keegan, John 48589, The Face of Battle /, 1976
